Những điều cần biết về El Ninô và La Nina

Sách giới thiệu những hiểu biết khái quát về El Ninô và La Nina cùng với những hậu quả của chúng đối với khí hậu, thời tiết và kinh tế, xã hội trên thế giới nói chung và ở nước ta nói riêng....

Ausführliche Beschreibung

Gespeichert in:
Bibliographische Detailangaben
1. Verfasser: Nguyễn, Đức Ngữ
Format: Buch
Sprache:Undetermined
Veröffentlicht: Hà Nội Khoa học và Kỹ thuật 2000
Schlagworte:
Tags: Tag hinzufügen
Keine Tags, Fügen Sie den ersten Tag hinzu!
Thư viện lưu trữ: Trung tâm Học liệu Trường Đại học Cần Thơ
LEADER 01006nam a2200217Ia 4500
001 CTU_141548
008 210402s9999 xx 000 0 und d
082 |a 551 
082 |b Ng550 
100 |a Nguyễn, Đức Ngữ 
245 0 |a Những điều cần biết về El Ninô và La Nina 
245 0 |c Nguyễn Đức Ngữ ...[et al.] 
260 |a Hà Nội 
260 |b Khoa học và Kỹ thuật 
260 |c 2000 
520 |a Sách giới thiệu những hiểu biết khái quát về El Ninô và La Nina cùng với những hậu quả của chúng đối với khí hậu, thời tiết và kinh tế, xã hội trên thế giới nói chung và ở nước ta nói riêng. 
526 |a Dự báo và quản lý thảm họa 
526 |b MTD608 
650 |a Calamities,Disasters,Thiên tai,Thảm họa 
904 |i Trọng Hải 
980 |a Trung tâm Học liệu Trường Đại học Cần Thơ